[Event "18th Charleroi Open-A 2019"]
[Site "Charleroi"]
[Date "2019.07.29"]
[Round "3.14"]
[White "Van Malder, Dries"]
[Black "Van Uytven, Eric"]
[Result "1-0"]
[WhiteElo "2178"]
[BlackElo "2071"]
[Annotator "ChessBase"]
[PlyCount "75"]
[EventDate "2019.07.22"]
[EventType "swiss"]
[EventCountry "BEL"]
[SourceTitle "playchess.com"]
[Source "ChessBase"]
[SourceQuality "1"]
[TimeControl "40/5400+30:1800+30"]

1. e4 {[%emt 0:00:00]} c5 {[%emt 0:01:30]} 2. Nf3 {[%emt 0:00:00]} e6 {[%emt 0:00:26]} 3. c3 {[%emt 0:00:00]} Nf6 {[%emt 0:01:06]} 4. Bd3 {[%emt 0:00:00]} d5 {[%emt 0:06:02]} 5. e5 {[%emt 0:00:38]} Nfd7 {[%emt 0:03:00]} 6. Bc2 {[%emt 0:00:08]} Nc6 {[%emt 0:02:26]} 7. d4 {[%emt 0:00:54]} b6 {[%emt 0:17:57]} 8. O-O {[%emt 0:08:40]} Be7 {[%emt 0:07:28]} 9. a3 {[%emt 1:24:10]} Ba6 {[%emt 0:06:23]} 10. Re1 {[%emt 0:00:00]} Rc8 {[%emt 0:00:51]} 11. Bd3 {[%emt 0:00:00]} Bxd3 {[%emt 0:04:25]} 12. Qxd3 {[%emt 0:00:00]} O-O {[%emt 0:01:11]} 13. b4 {[%emt 0:00:00]} f6 {[%emt 0:18:18]} 14. exf6 {[%emt 0:00:00]} Nxf6 {[%emt 0:00:51]} 15. Bg5 {[%emt 0:00:00]} Ne4 {[%emt 0:10:23]} 16. Bxe7 {[%emt 0:00:00]} Qxe7 {[%emt 0:00:59]} 17. Nbd2 {[%emt 0:00:00]} Nxd2 {[%emt 0:01:52]} 18. Qxd2 {[%emt 0:00:00]} cxd4 {[%emt 0:03:56]} 19. cxd4 {[%emt 0:00:00]} a5 {[%emt 0:04:22]} 20. b5 {[%emt 0:00:00]} Na7 {[%emt 0:00:11]} 21. a4 {[%emt 0:00:00]} Rf6 {[%emt 0:01:08]} 22. Re3 {[%emt 0:00:00]} Rc7 {[%emt 0:01:42]} 23. Rae1 {[%emt 0:00:00]} Nc8 24. Ne5 {[%emt 0:00:00]} Nd6 {[%emt 0:00:46]} 25. Nc6 {[%emt 0:00:00]} Rxc6 {[%emt 0:01:21]} 26. bxc6 {[%emt 0:00:00]} Nc4 {[%emt 0:00:11]} 27. Qc3 {[%emt 0:00:00]} Qd6 {[%emt 0:00:46]} 28. c7 {[%emt 0:00:00]} Qxc7 {[%emt 0:04:29]} 29. Rxe6 {[%emt 0:00:00]} Rxe6 {[%emt 0:00:00]} 30. Rxe6 {[%emt 0:00:00]} Qd7 {[%emt 0:00:00]} 31. Qe1 {[%emt 0:00:00]} Kf7 {[%emt 0:00:00]} 32. Re2 {[%emt 0:00:00]} Qxa4 {[%emt 0:00:00]} 33. Re7+ {[%emt 0:00:00]} Kf8 {[%emt 0:00:04]} 34. h3 {[%emt 0:00:00]} Qc6 {[%emt 0:00:52]} 35. Qe2 {[%emt 0:00:00]} Qd6 {[%emt 0:01:02]} 36. Ra7 {[%emt 0:00:00]} Kg8 {[%emt 0:01:06]} 37. Qe8+ {[%emt 0:01:12]} Qf8 {[%emt 0:00:09]} 38. Qe6+ {[%emt 0:00:04]} 1-0

[Event "18th Charleroi Open-A 2019"]
[Site "Charleroi"]
[Date "2019.07.29"]
[Round "3.17"]
[White "Lacroix, Bruno"]
[Black "Uhoda, Philippe"]
[Result "1/2-1/2"]
[WhiteElo "2152"]
[BlackElo "2062"]
[Annotator "ChessBase"]
[PlyCount "118"]
[EventDate "2019.07.22"]
[EventType "swiss"]
[EventCountry "BEL"]
[SourceTitle "playchess.com"]
[Source "ChessBase"]
[SourceQuality "1"]
[TimeControl "40/5400+30:1800+30"]

1. d4 {[%emt 0:00:00]} Nf6 {[%emt 0:05:20]} 2. Nf3 {[%emt 0:00:00]} g6 {[%emt 0:00:14]} 3. c4 {[%emt 0:00:00]} Bg7 {[%emt 0:01:00]} 4. e3 {[%emt 0:00:00]} d6 {[%emt 0:01:49]} 5. Nc3 {[%emt 0:00:09]} O-O {[%emt 0:01:24]} 6. Be2 {[%emt 0:00:12]} c6 {[%emt 0:03:30]} 7. O-O {[%emt 0:00:29]} a5 {[%emt 0:01:14]} 8. Qc2 {[%emt 0:01:48]} Na6 {[%emt 0:05:28]} 9. a3 {[%emt 0:03:11]} Bd7 {[%emt 0:01:09]} 10. e4 {[%emt 0:03:39]} Qb8 {[%emt 0:01:19]} 11. h3 {[%emt 0:20:16]} e5 {[%emt 0:04:15]} 12. dxe5 {[%emt 0:00:07]} dxe5 {[%emt 0:00:09]} 13. Be3 b5 {[%emt 0:01:52]} 14. Rad1 {[%emt 0:07:32]} Rc8 {[%emt 0:05:22]} 15. cxb5 {[%emt 0:06:08]} cxb5 {[%emt 0:00:10]} 16. Qb1 {[%emt 0:00:06]} Bc6 {[%emt 0:15:12]} 17. g4 {[%emt 0:13:00]} b4 {[%emt 0:10:18]} 18. axb4 {[%emt 0:42:23]} Nxb4 {[%emt 0:02:38]} 19. Nd2 {[%emt 0:00:00]} Bb7 {[%emt 0:12:37]} 20. Nc4 {[%emt 0:00:00]} Ba6 {[%emt 0:00:12]} 21. Nb6 {[%emt 0:00:00]} Rxc3 {[%emt 0:00:49]} 22. bxc3 {[%emt 0:00:00]} Bxe2 {[%emt 0:00:09]} 23. Nxa8 {[%emt 0:00:00]} Bxf1 {[%emt 0:02:38]} 24. Kxf1 {[%emt 0:00:00]} Qxa8 {[%emt 0:00:33]} 25. cxb4 {[%emt 0:00:00]} axb4 {[%emt 0:00:18]} 26. Qxb4 {[%emt 0:00:00]} Bf8 {[%emt 0:00:11]} 27. Qb6 {[%emt 0:00:00]} Nxe4 {[%emt 0:06:36]} 28. Rd8 {[%emt 0:00:00]} Qa3 {[%emt 0:17:34]} 29. Qc6 Nd6 {[%emt 0:00:00]} 30. Ra8 {[%emt 0:00:00]} Qd3+ {[%emt 0:00:00]} 31. Kg2 {[%emt 0:00:00]} Kg7 {[%emt 0:00:00]} 32. Rd8 {[%emt 0:00:00]} Qe4+ {[%emt 0:00:00]} 33. Qxe4 {[%emt 0:00:00]} Nxe4 {[%emt 0:00:00]} 34. f3 {[%emt 0:00:00]} Nf6 {[%emt 0:00:00]} 35. Bg5 {[%emt 0:08:30]} Be7 {[%emt 0:00:00]} 36. Bxf6+ {[%emt 0:00:00]} Bxf6 {[%emt 0:00:00]} 37. Re8 {[%emt 0:00:00]} h5 {[%emt 0:02:20]} 38. Kg3 {[%emt 0:00:00]} hxg4 {[%emt 0:00:23]} 39. fxg4 {[%emt 0:00:00]} Bg5 {[%emt 0:01:39]} 40. Rxe5 {[%emt 0:00:00]} Bd8 {[%emt 0:00:15]} 41. Rd5 {[%emt 0:28:37]} Bc7+ {[%emt 0:30:54]} 42. Kf3 {[%emt 0:00:29]} Bb8 {[%emt 0:00:00]} 43. Ke4 {[%emt 0:00:00]} Bg3 {[%emt 0:00:00]} 44. Kd4 {[%emt 0:00:00]} Bf2+ {[%emt 0:00:00]} 45. Kc4 {[%emt 0:00:00]} Kf6 {[%emt 0:00:00]} 46. Kb5 {[%emt 0:00:00]} Ke6 {[%emt 0:00:00]} 47. Kc6 {[%emt 0:00:00]} Bg3 {[%emt 0:00:00]} 48. Rd3 {[%emt 0:00:00]} Be5 {[%emt 0:00:00]} 49. Re3 {[%emt 0:00:00]} f5 {[%emt 0:00:00]} 50. Kc5 {[%emt 0:00:00]} fxg4 {[%emt 0:00:00]} 51. hxg4 {[%emt 0:00:00]} Kf6 {[%emt 0:00:00]} 52. Re4 {[%emt 0:00:00]} Bh2 {[%emt 0:00:00]} 53. Kd4 {[%emt 0:00:00]} Bg1+ {[%emt 0:00:00]} 54. Kd3 {[%emt 0:00:00]} Kg5 {[%emt 0:00:00]} 55. Ke2 {[%emt 0:00:00]} Bh2 {[%emt 0:00:00]} 56. Kf3 {[%emt 0:00:00]} Kf6 {[%emt 0:00:00]} 57. Kg2 {[%emt 0:00:00]} Bb8 {[%emt 0:00:00]} 58. Kh3 {[%emt 0:00:00]} Kg5 {[%emt 0:00:00]} 59. Rb4 {[%emt 0:00:00]} Bc7 {[%emt 0:00:00]} 1/2-1/2

[Event "18th Charleroi Open-A 2019"]
[Site "Charleroi"]
[Date "2019.07.29"]
[Round "3.18"]
[White "Vanden Bussche, Steven"]
[Black "Dauw, Sterre"]
[Result "1/2-1/2"]
[WhiteElo "2061"]
[BlackElo "2148"]
[Annotator "ChessBase"]
[PlyCount "76"]
[EventDate "2019.07.22"]
[EventType "swiss"]
[EventCountry "BEL"]
[SourceTitle "playchess.com"]
[Source "ChessBase"]
[SourceQuality "1"]
[TimeControl "40/5400+30:1800+30"]

1. c4 {[%emt 1:30:30]} g6 {[%emt 0:02:27]} 2. g3 {[%emt 0:00:00]} c5 {[%emt 0:00:33]} 3. Bg2 {[%emt 0:00:00]} Bg7 {[%emt 0:00:11]} 4. Nc3 {[%emt 0:00:00]} Nc6 {[%emt 0:00:05]} 5. Nf3 {[%emt 0:00:00]} e6 {[%emt 0:00:25]} 6. O-O {[%emt 0:00:00]} Nge7 {[%emt 1:29:19]} 7. d3 {[%emt 0:00:00]} O-O {[%emt 0:00:30]} 8. Rb1 {[%emt 0:00:00]} d5 {[%emt 0:00:00]} 9. cxd5 {[%emt 0:00:00]} exd5 {[%emt 0:00:00]} 10. Bg5 {[%emt 0:00:00]} h6 {[%emt 0:01:30]} 11. Bd2 {[%emt 0:00:00]} Be6 {[%emt 0:00:00]} 12. a3 {[%emt 0:05:30]} b6 {[%emt 0:00:00]} 13. b4 {[%emt 0:00:00]} cxb4 {[%emt 0:00:00]} 14. axb4 {[%emt 0:00:00]} a5 {[%emt 0:00:00]} 15. bxa5 {[%emt 0:00:00]} bxa5 {[%emt 0:00:00]} 16. Na4 {[%emt 0:00:00]} Qd6 {[%emt 0:03:00]} 17. Be3 {[%emt 0:02:30]} Rfb8 {[%emt 0:00:00]} 18. Bc5 {[%emt 0:00:00]} Qd8 {[%emt 0:00:00]} 19. d4 {[%emt 0:01:00]} Nb4 {[%emt 0:00:00]} 20. Qd2 {[%emt 0:00:00]} Nec6 {[%emt 0:00:00]} 21. Rb2 {[%emt 0:00:00]} Bf5 {[%emt 0:00:00]} 22. Rc1 {[%emt 0:01:30]} Qe8 {[%emt 0:00:00]} 23. Ra1 {[%emt 0:00:00]} Be4 {[%emt 0:00:00]} 24. Nh4 {[%emt 0:00:00]} Bxg2 {[%emt 0:00:00]} 25. Nxg2 {[%emt 0:00:00]} Na6 {[%emt 0:00:00]} 26. Rxb8 {[%emt 0:00:00]} Rxb8 {[%emt 0:00:00]} 27. e3 {[%emt 0:00:00]} Nxc5 {[%emt 0:00:00]} 28. Nxc5 {[%emt 0:00:00]} Rb5 {[%emt 0:00:00]} 29. Qc3 {[%emt 0:00:00]} Bf8 {[%emt 0:06:30]} 30. Nd3 {[%emt 0:00:00]} a4 {[%emt 0:00:00]} 31. Rxa4 {[%emt 0:00:00]} Rb1+ {[%emt 0:00:00]} 32. Nge1 {[%emt 0:00:00]} Ne5 {[%emt 0:00:39]} 33. Ra1 {[%emt 0:00:00]} Nf3+ {[%emt 0:00:09]} 34. Kf1 {[%emt 0:00:00]} Nxh2+ {[%emt 0:00:05]} 35. Ke2 Rxa1 {[%emt 0:00:30]} 36. Qxa1 Ng4 {[%emt 0:00:30]} 37. Qa5 Qe6 {[%emt 0:00:30]} 38. Nf4 Qe4 {[%emt 0:00:30]} 1/2-1/2

[Event "18th Charleroi Open-A 2019"]
[Site "Charleroi"]
[Date "2019.07.29"]
[Round "3.19"]
[White "De Villers, Mourad"]
[Black "Miulescu, Gabriel"]
[Result "1-0"]
[WhiteElo "2140"]
[BlackElo "2020"]
[Annotator "ChessBase"]
[PlyCount "105"]
[EventDate "2019.07.22"]
[EventType "swiss"]
[EventCountry "BEL"]
[SourceTitle "playchess.com"]
[Source "ChessBase"]
[SourceQuality "1"]
[TimeControl "40/5400+30:1800+30"]

1. c4 {[%emt 0:00:00]} e5 {[%emt 0:00:00]} 2. g3 {[%emt 0:00:27]} Nf6 {[%emt 0:00:38]} 3. Bg2 {[%emt 0:00:25]} d5 {[%emt 0:00:22]} 4. cxd5 {[%emt 0:00:50]} Nxd5 {[%emt 0:00:35]} 5. Nc3 {[%emt 0:00:38]} Be6 {[%emt 0:04:00]} 6. Nf3 {[%emt 0:03:01]} Nc6 {[%emt 0:01:02]} 7. O-O {[%emt 0:02:45]} Be7 {[%emt 0:09:19]} 8. d4 {[%emt 0:02:58]} exd4 {[%emt 0:11:38]} 9. Nxd4 {[%emt 0:02:39]} Nxd4 {[%emt 0:11:41]} 10. Qxd4 {[%emt 1:21:17]} Nxc3 {[%emt 0:03:34]} 11. Qxc3 {[%emt 0:00:00]} O-O {[%emt 0:03:41]} 12. Bxb7 {[%emt 0:00:00]} Rb8 {[%emt 0:02:19]} 13. Bg2 {[%emt 0:00:00]} Bf6 {[%emt 0:01:54]} 14. Qc2 {[%emt 0:00:00]} Qc8 {[%emt 0:01:08]} 15. e4 {[%emt 0:00:00]} c5 {[%emt 0:06:23]} 16. Re1 {[%emt 0:00:00]} Bd4 {[%emt 0:02:07]} 17. Bf1 {[%emt 0:00:00]} Rb6 {[%emt 0:02:54]} 18. Bc4 {[%emt 0:00:00]} Bxc4 {[%emt 0:08:13]} 19. Qxc4 {[%emt 0:00:00]} Bxb2 {[%emt 0:00:27]} 20. Bxb2 {[%emt 0:00:00]} Rxb2 {[%emt 0:00:06]} 21. Rac1 {[%emt 0:00:00]} Qb7 {[%emt 0:09:37]} 22. a3 {[%emt 0:00:00]} Rc8 {[%emt 0:01:14]} 23. Red1 {[%emt 0:00:00]} h6 {[%emt 0:04:15]} 24. Rd5 {[%emt 0:00:00]} Rb5 {[%emt 0:01:43]} 25. Rcd1 {[%emt 0:00:00]} Rb1 26. Rxb1 {[%emt 0:00:00]} Qxb1+ {[%emt 0:00:51]} 27. Kg2 {[%emt 0:00:00]} Qb6 {[%emt 0:02:47]} 28. Rd7 {[%emt 0:00:00]} Rf8 {[%emt 0:01:28]} 29. Qd5 {[%emt 0:00:00]} Qa5 {[%emt 0:01:14]} 30. Qd3 {[%emt 0:01:11]} c4 {[%emt 0:01:58]} 31. Qxc4 {[%emt 0:01:08]} Qxa3 {[%emt 0:00:04]} 32. e5 {[%emt 0:01:15]} Qb2 {[%emt 0:02:45]} 33. Qd5 {[%emt 0:01:16]} a6 {[%emt 0:02:42]} 34. h4 {[%emt 0:00:28]} Qb5 {[%emt 0:04:21]} 35. Qxb5 {[%emt 0:00:42]} axb5 {[%emt 0:00:00]} 36. Rb7 {[%emt 0:00:09]} Re8 {[%emt 0:00:00]} 37. f4 {[%emt 0:00:30]} h5 {[%emt 0:00:00]} 38. Rxb5 {[%emt 0:00:41]} Ra8 {[%emt 0:00:00]} 39. Rb3 {[%emt 0:00:44]} Ra4 {[%emt 0:00:00]} 40. Kf3 {[%emt 0:01:31]} g6 {[%emt 0:00:21]} 41. g4 {[%emt 0:31:25]} hxg4+ {[%emt 0:30:25]} 42. Kxg4 {[%emt 0:00:16]} Kg7 {[%emt 0:01:40]} 43. Rb7 {[%emt 0:01:17]} Ra6 {[%emt 0:01:14]} 44. h5 {[%emt 0:03:11]} gxh5+ {[%emt 0:00:00]} 45. Kxh5 {[%emt 0:00:00]} Kf8 {[%emt 0:00:00]} 46. Kg5 {[%emt 0:00:00]} Rg6+ {[%emt 0:00:00]} 47. Kf5 {[%emt 0:00:00]} Ra6 {[%emt 0:00:00]} 48. Rd7 {[%emt 0:00:00]} Rb6 {[%emt 0:00:00]} 49. Rd6 {[%emt 0:00:00]} Rb4 {[%emt 0:00:00]} 50. Ra6 {[%emt 0:00:00]} Ke7 {[%emt 0:00:00]} 51. Ra7+ {[%emt 0:00:00]} Ke8 {[%emt 0:00:00]} 52. Kg5 {[%emt 0:00:00]} Rb5 {[%emt 0:00:00]} 53. Rc7 {[%emt 0:00:00]} 1-0

[Event "18th Charleroi Open-A 2019"]
[Site "Charleroi"]
[Date "2019.07.29"]
[Round "3.20"]
[White "Van Dijck, Bjarne"]
[Black "Werner, Ivan"]
[Result "1/2-1/2"]
[WhiteElo "2053"]
[BlackElo "2129"]
[Annotator "ChessBase"]
[PlyCount "71"]
[EventDate "2019.07.22"]
[EventType "swiss"]
[EventCountry "BEL"]
[SourceTitle "playchess.com"]
[Source "ChessBase"]
[SourceQuality "1"]
[TimeControl "40/5400+30:1800+30"]

1. e4 {[%emt 1:30:30]} c5 {[%emt 1:30:30]} 2. c3 {[%emt 0:00:30]} Nf6 {[%emt 0:00:30]} 3. e5 {[%emt 0:00:00]} Nd5 {[%emt 0:00:30]} 4. d4 {[%emt 0:00:00]} cxd4 {[%emt 0:00:00]} 5. cxd4 {[%emt 0:01:30]} d6 {[%emt 0:01:00]} 6. Nf3 {[%emt 0:00:30]} Nc6 {[%emt 0:00:00]} 7. Bc4 {[%emt 0:00:30]} Nb6 {[%emt 0:01:00]} 8. Bb3 {[%emt 0:00:30]} dxe5 {[%emt 0:00:30]} 9. d5 {[%emt 0:00:30]} Na5 {[%emt 0:00:30]} 10. Nc3 {[%emt 0:00:30]} f6 {[%emt 0:00:30]} 11. Be3 {[%emt 0:00:30]} g6 {[%emt 0:00:30]} 12. O-O {[%emt 0:00:30]} Bd7 {[%emt 0:00:30]} 13. Nd2 {[%emt 0:00:30]} Rc8 {[%emt 0:00:30]} 14. Rc1 {[%emt 0:00:30]} Bg7 {[%emt 0:00:30]} 15. Nce4 {[%emt 0:00:30]} Rxc1 {[%emt 0:00:00]} 16. Qxc1 {[%emt 0:00:30]} Nxb3 {[%emt 0:00:00]} 17. Nxb3 {[%emt 0:00:30]} Nxd5 {[%emt 0:01:30]} 18. Bxa7 {[%emt 0:00:30]} b6 {[%emt 0:00:30]} 19. Qc4 {[%emt 0:00:30]} Qa8 {[%emt 0:00:30]} 20. Rd1 {[%emt 0:00:30]} Be6 {[%emt 0:00:30]} 21. Bxb6 {[%emt 0:00:30]} Kf7 {[%emt 0:00:30]} 22. Nbc5 {[%emt 0:00:30]} Rc8 {[%emt 0:00:30]} 23. Qb3 {[%emt 0:00:30]} Rxc5 {[%emt 0:00:30]} 24. Nxc5 {[%emt 0:00:30]} Nf4 {[%emt 0:00:30]} 25. Qf3 {[%emt 0:00:30]} Bd5 {[%emt 0:00:30]} 26. Rxd5 {[%emt 0:00:30]} Nxd5 {[%emt 0:00:30]} 27. Qb3 {[%emt 0:00:30]} e6 {[%emt 0:00:30]} 28. Qb5 {[%emt 0:00:30]} Qxa2 {[%emt 0:00:30]} 29. Qd7+ {[%emt 0:00:30]} Ne7 {[%emt 0:00:30]} 30. h3 {[%emt 0:00:30]} Qd5 {[%emt 0:00:30]} 31. b4 {[%emt 0:00:30]} Qxd7 {[%emt 0:00:00]} 32. Nxd7 {[%emt 0:00:30]} Ke8 {[%emt 0:01:00]} 33. Nc5 {[%emt 0:00:30]} Nd5 {[%emt 0:00:30]} 34. Ba5 {[%emt 0:00:30]} Bf8 {[%emt 0:00:30]} 35. Ne4 {[%emt 0:00:30]} f5 {[%emt 0:00:30]} 36. Ng5 {[%emt 0:00:30]} 1/2-1/2

[Event "18th Charleroi Open-A 2019"]
[Site "Charleroi"]
[Date "2019.07.29"]
[Round "3.21"]
[White "Roos, David"]
[Black "Butzen, Robin"]
[Result "1/2-1/2"]
[WhiteElo "2114"]
[BlackElo "1967"]
[Annotator "NA"]
[PlyCount "84"]
[EventDate "2019.07.22"]
[EventType "swiss"]
[EventCountry "BEL"]
[SourceTitle "playchess.com"]
[Source "ChessBase"]
[SourceQuality "1"]
[TimeControl "40/5400+30:1800+30"]

1. d4 {[%emt 1:30:30]} d5 {[%emt 1:30:30]} 2. Nc3 {[%emt 0:00:30]} c5 {[%emt 0:00:30]} 3. Bf4 {[%emt 0:00:30]} Nc6 {[%emt 0:00:30]} 4. e3 {[%emt 0:00:30]} cxd4 {[%emt 0:00:30]} 5. exd4 {[%emt 0:00:30]} Bf5 {[%emt 0:00:30]} 6. Bd3 {[%emt 0:00:30]} Bxd3 {[%emt 0:00:30]} 7. Qxd3 {[%emt 0:00:30]} Nf6 {[%emt 0:00:30]} 8. Nf3 {[%emt 0:00:30]} e6 {[%emt 0:00:30]} 9. O-O {[%emt 0:00:30]} Be7 {[%emt 0:00:30]} 10. Rfe1 {[%emt 0:00:30]} O-O {[%emt 0:00:30]} 11. Ne5 {[%emt 0:00:30]} Rc8 {[%emt 0:00:30]} 12. a3 {[%emt 0:00:30]} Nd7 {[%emt 0:00:30]} 13. Re3 {[%emt 0:00:30]} Ncxe5 {[%emt 0:00:30]} 14. Bxe5 {[%emt 0:00:30]} Nxe5 {[%emt 0:00:30]} 15. dxe5 Qb6 {[%emt 0:00:30]} 16. Rh3 {[%emt 0:01:00]} g6 {[%emt 0:00:30]} 17. Qd2 {[%emt 0:00:30]} f5 {[%emt 0:00:30]} 18. b4 {[%emt 0:00:30]} a5 {[%emt 0:00:30]} 19. Rb1 {[%emt 0:00:30]} axb4 {[%emt 0:00:30]} 20. Na2 Qc7 {[%emt 0:00:30]} 21. c3 {[%emt 0:01:00]} bxa3 {[%emt 0:00:30]} 22. f4 {[%emt 0:00:30]} Qc4 23. Rf3 {[%emt 0:00:30]} b5 {[%emt 0:01:00]} 24. Rd3 {[%emt 0:00:30]} Rfd8 {[%emt 0:00:30]} 25. h3 {[%emt 0:00:30]} Rb8 {[%emt 0:00:30]} 26. Kh2 {[%emt 0:00:30]} Bc5 {[%emt 0:00:30]} 27. g4 {[%emt 0:00:30]} fxg4 {[%emt 0:00:30]} 28. hxg4 g5 {[%emt 0:00:30]} 29. Rf1 {[%emt 0:01:00]} Rf8 {[%emt 0:00:30]} 30. f5 {[%emt 0:00:30]} Qxg4 {[%emt 0:00:30]} 31. Rg3 {[%emt 0:00:30]} Qh4+ {[%emt 0:00:30]} 32. Rh3 {[%emt 0:00:30]} Qg4 {[%emt 0:00:30]} 33. Rg3 {[%emt 0:00:30]} Qh5+ {[%emt 0:00:30]} 34. Kg2 {[%emt 0:00:30]} Qh4 {[%emt 0:00:30]} 35. f6 {[%emt 0:00:30]} Kf7 {[%emt 0:00:30]} 36. Re1 {[%emt 0:00:30]} Rg8 {[%emt 0:00:30]} 37. Qd3 {[%emt 0:00:30]} Rh8 {[%emt 0:00:30]} 38. Nb4 {[%emt 0:00:30]} Bxb4 {[%emt 0:00:30]} 39. cxb4 {[%emt 0:00:30]} Qxb4 {[%emt 0:00:30]} 40. Qf3 {[%emt 0:00:30]} g4 {[%emt 0:00:30]} 41. Rxg4 {[%emt 0:30:30]} Qxe1 {[%emt 0:30:30]} 42. Rg7+ {[%emt 0:00:30]} Ke8 {[%emt 0:00:30]} 1/2-1/2

[Event "18th Charleroi Open-A 2019"]
[Site "Charleroi"]
[Date "2019.07.29"]
[Round "3.22"]
[White "Partoens, Remi"]
[Black "Soyunlu, Narmin"]
[Result "0-1"]
[WhiteElo "1957"]
[BlackElo "2099"]
[Annotator "NA"]
[PlyCount "79"]
[EventDate "2019.07.22"]
[EventType "swiss"]
[EventCountry "BEL"]
[SourceTitle "playchess.com"]
[Source "ChessBase"]
[SourceQuality "1"]
[TimeControl "40/5400+30:1800+30"]

1. e4 {[%emt 0:00:00]} e5 {[%emt 1:30:30]} 2. Nf3 {[%emt 0:00:00]} Nc6 {[%emt 0:00:00]} 3. Bb5 {[%emt 1:31:30]} a6 {[%emt 0:00:00]} 4. Ba4 {[%emt 0:00:00]} Nf6 {[%emt 0:01:30]} 5. O-O {[%emt 0:01:00]} Be7 {[%emt 0:00:00]} 6. Re1 {[%emt 0:00:30]} b5 {[%emt 0:00:00]} 7. Bb3 {[%emt 0:00:00]} d6 {[%emt 0:00:00]} 8. c3 {[%emt 0:01:00]} O-O {[%emt 0:02:00]} 9. h3 {[%emt 0:00:30]} Nb8 {[%emt 0:00:30]} 10. d4 {[%emt 0:00:00]} Nbd7 {[%emt 0:00:00]} 11. Nbd2 {[%emt 0:01:00]} Bb7 {[%emt 0:00:00]} 12. Bc2 {[%emt 0:00:30]} Re8 {[%emt 0:01:30]} 13. Nf1 {[%emt 0:00:30]} Bf8 {[%emt 0:00:00]} 14. Ng3 {[%emt 0:00:00]} g6 {[%emt 0:00:00]} 15. Bg5 {[%emt 0:01:00]} h6 {[%emt 0:00:00]} 16. Bd2 {[%emt 0:00:30]} d5 {[%emt 0:02:00]} 17. Qc1 {[%emt 0:00:30]} dxe4 {[%emt 0:00:00]} 18. Nxe5 Nxe5 {[%emt 0:01:00]} 19. dxe5 {[%emt 0:01:00]} e3 {[%emt 0:00:30]} 20. Rxe3 {[%emt 0:00:30]} Qd5 {[%emt 0:00:30]} 21. Ne4 {[%emt 0:00:30]} Qxe5 {[%emt 0:00:30]} 22. Nxf6+ {[%emt 0:00:30]} Qxf6 {[%emt 0:00:30]} 23. Qf1 {[%emt 0:00:30]} Bc5 {[%emt 0:00:30]} 24. Rxe8+ {[%emt 0:00:00]} Rxe8 {[%emt 0:00:30]} 25. Re1 {[%emt 0:01:00]} Rxe1 {[%emt 0:00:30]} 26. Qxe1 {[%emt 0:00:30]} Qc6 {[%emt 0:00:00]} 27. Qf1 {[%emt 0:00:30]} Qd5 {[%emt 0:01:00]} 28. Bxh6 {[%emt 0:00:00]} Qxa2 {[%emt 0:00:00]} 29. Bd2 {[%emt 0:00:00]} Qd5 30. Bh6 Qa2 {[%emt 0:01:30]} 31. Qe2 {[%emt 0:02:00]} Bc6 {[%emt 0:00:30]} 32. b4 {[%emt 0:00:30]} Bd6 {[%emt 0:00:30]} 33. Qd3 {[%emt 0:00:30]} Qe6 {[%emt 0:00:30]} 34. Qe3 {[%emt 0:00:30]} Qd5 {[%emt 0:00:00]} 35. Qe2 {[%emt 0:00:00]} Qa2 36. Qd3 Qe6 37. Qe3 Qd5 38. f3 {[%emt 0:00:00]} Kh7 {[%emt 0:01:25]} 39. Bg5 {[%emt 0:00:00]} Qa2 40. Qd3 {[%emt 0:02:28]} 0-1

[Event "18th Charleroi Open-A 2019"]
[Site "Charleroi"]
[Date "2019.07.29"]
[Round "3.23"]
[White "Ghyselen, Wouter"]
[Black "Barbier, Astrid"]
[Result "1-0"]
[WhiteElo "2078"]
[BlackElo "1941"]
[Annotator "NA"]
[PlyCount "61"]
[EventDate "2019.07.22"]
[EventType "swiss"]
[EventCountry "BEL"]
[SourceTitle "playchess.com"]
[Source "ChessBase"]
[SourceQuality "1"]
[TimeControl "40/5400+30:1800+30"]

1. d4 {[%emt 0:00:00]} f5 {[%emt 0:00:00]} 2. c4 {[%emt 0:00:00]} Nf6 {[%emt 0:00:00]} 3. Nc3 {[%emt 0:00:14]} g6 {[%emt 0:00:00]} 4. h4 {[%emt 0:00:36]} Bg7 {[%emt 0:02:06]} 5. h5 {[%emt 0:00:26]} Nxh5 {[%emt 0:17:24]} 6. e4 {[%emt 0:05:57]} O-O {[%emt 0:08:09]} 7. exf5 {[%emt 0:06:59]} d6 {[%emt 0:04:09]} 8. Be2 {[%emt 0:12:29]} Nf6 {[%emt 0:02:05]} 9. fxg6 {[%emt 0:00:34]} hxg6 {[%emt 0:00:53]} 10. Nf3 {[%emt 0:02:38]} Ng4 {[%emt 0:12:37]} 11. Qb3 {[%emt 0:17:03]} c6 {[%emt 0:06:58]} 12. Bg5 {[%emt 0:10:34]} Qc7 {[%emt 0:03:31]} 13. c5+ {[%emt 0:06:32]} d5 {[%emt 0:00:51]} 14. Nxd5 {[%emt 0:00:10]} cxd5 {[%emt 0:01:05]} 15. Qxd5+ {[%emt 0:00:06]} e6 {[%emt 0:06:06]} 16. Qe4 {[%emt 0:01:02]} Nf6 {[%emt 0:00:48]} 17. Qxg6 {[%emt 0:00:49]} Qf7 {[%emt 0:01:17]} 18. Qc2 {[%emt 0:03:54]} Rd8 {[%emt 0:01:44]} 19. Ne5 {[%emt 0:06:34]} Qc7 {[%emt 0:04:02]} 20. Qg6 {[%emt 0:01:23]} Qe7 {[%emt 0:03:18]} 21. Rh6 {[%emt 0:09:31]} Rf8 {[%emt 0:04:40]} 22. Ng4 {[%emt 0:05:32]} Nbd7 {[%emt 0:02:02]} 23. O-O-O {[%emt 0:00:43]} Qf7 {[%emt 0:08:24]} 24. Rh8+ {[%emt 0:05:24]} Kxh8 {[%emt 0:00:10]} 25. Rh1+ {[%emt 0:00:04]} Bh6 {[%emt 0:00:58]} 26. Qxh6+ {[%emt 0:00:40]} Nh7 {[%emt 0:00:37]} 27. Bd3 {[%emt 0:00:14]} Re8 {[%emt 0:03:52]} 28. Qxh7+ {[%emt 0:00:15]} Qxh7 {[%emt 0:00:10]} 29. Rxh7+ {[%emt 0:00:04]} Kg8 {[%emt 0:00:09]} 30. Nh6+ {[%emt 0:00:05]} Kf8 {[%emt 0:00:06]} 31. Rf7# {[%emt 0:00:35]} 1-0